MARC details
| 000 -CABECERA |
| campo de control de longitud fija |
01503cam a2200301 a 4500 |
| 001 - NÚMERO DE CONTROL |
| campo de control |
000005943 |
| 005 - FECHA Y HORA DE LA ÚLTIMA TRANSACCIÓN |
| campo de control |
20200929151843.0 |
| 008 - DATOS DE LONGITUD FIJA--INFORMACIÓN GENERAL |
| campo de control de longitud fija |
940104s1992 mx b f000 0 spa d |
| 040 ## - FUENTE DE LA CATALOGACIÓN |
| Centro catalogador/agencia de origen |
DO-SdBNP |
| Centro/agencia transcriptor |
DLC |
| Centro/agencia modificador |
DLC |
| -- |
BNPHU |
| 043 ## - CÓDIGO DE ÁREA GEOGRÁFICA |
| Código de área geográfica |
n-mx- |
| 082 ## - NÚMERO DE LA CLASIFICACIÓN DECIMAL DEWEY |
| Número de clasificación |
nnnn |
| Número de documento/Ítem |
B259a |
| 049 ## - FONDOS LOCALES (OCLC) |
| Fondos de biblioteca |
BNGR |
| 245 03 - MENCIÓN DE TÍTULO |
| Título |
Un barón alemán del siglo xix : |
| Resto del título |
Othon E. de Brackel-Welda en Colima : su participación en el desarrollo político económico de México a principios de la década de los ochenta / |
| Mención de responsabilidad, etc. |
Antología documental e introducción de Georgette José Valenzuela ; coordinador académico Juan Carlos Reyes G. |
| 260 ## - PUBLICACIÓN, DISTRIBUCIÓN, ETC. |
| Lugar de publicación, distribución, etc. |
Colima, México : |
| Nombre del editor, distribuidor, etc. |
Universidad de Colima, Consejo Nacional para la Cultura y las Artes, |
| Fecha de publicación, distribución, etc. |
1992. |
| 300 ## - DESCRIPCIÓN FÍSICA |
| Extensión |
x, 91 p. : |
| Otras características físicas |
il., ; |
| Dimensiones |
28 cm. |
| 490 1# - MENCIÓN DE SERIE |
| Mención de serie |
Documentos colimenses |
| Designación de volumen o secuencia |
1 |
| 500 ## - NOTA GENERAL |
| Nota general |
"Proyecto Historia general de Colima." |
| 504 ## - NOTA DE BIBLIOGRAFÍA, ETC. |
| Nota de bibliografía, etc. |
Incluye referencias bibliográficas |
| 651 #0 - PUNTO DE ACCESO ADICIONAL DE MATERIA--NOMBRE GEOGRÁFICO |
| Nombre geográfico |
Mexico |
| Subdivisión general |
Economic Conditions |
| Subdivisión cronológica |
19th century. |
| 9 (RLIN) |
16743 |
| 600 10 - PUNTO DE ACCESO ADICIONAL DE MATERIA--NOMBRE DE PERSONA |
| Nombre de persona |
Brackel-Welda, Othon Engelbert Joseph Clemens Wilhelm, |
| Títulos y otros términos asociados al nombre |
Freiherr von, |
| Fechas asociadas al nombre |
1830-1903. |
| 9 (RLIN) |
16744 |
| 650 #0 - PUNTO DE ACCESO ADICIONAL DE MATERIA--TÉRMINO DE MATERIA |
| Término de materia o nombre geográfico como elemento de entrada |
Mines and mineral resources |
| Subdivisión geográfica |
Mexico |
| Subdivisión general |
History |
| Subdivisión cronológica |
19th century. |
| 9 (RLIN) |
16745 |
| 650 #0 - PUNTO DE ACCESO ADICIONAL DE MATERIA--TÉRMINO DE MATERIA |
| Término de materia o nombre geográfico como elemento de entrada |
Telegraph |
| Subdivisión geográfica |
Mexico |
| Subdivisión general |
History |
| Subdivisión cronológica |
19th century. |
| 9 (RLIN) |
16746 |
| 700 1# - PUNTO DE ACCESO ADICIONAL--NOMBRE DE PERSONA |
| Nombre de persona |
Reyes G., Juan Carlos, |
| 9 (RLIN) |
16747 |
| 700 1# - PUNTO DE ACCESO ADICIONAL--NOMBRE DE PERSONA |
| Nombre de persona |
Jose Valenzuela, Georgette Emilia. |
| 9 (RLIN) |
16748 |
| 700 1# - PUNTO DE ACCESO ADICIONAL--NOMBRE DE PERSONA |
| Nombre de persona |
Brackel-Welda, Othon Engelbert Joseph Clemens Wilhelm, |
| Títulos y otros términos asociados al nombre |
Freiherr von, |
| Fechas asociadas al nombre |
1830-1903. |
| 9 (RLIN) |
16744 |
| 830 #0 - PUNTO DE ACCESO ADICIONAL DE SERIE-TÍTULO UNIFORME |
| Título uniforme |
Documentos colimenses ; |
| Designación de volumen o secuencia |
1 |
| 9 (RLIN) |
9214 |
| 910 ## - DATOS DE OPCIÓN DEL USUARIO (OCLC) |
| Datos de opción del usuario |
Catalogación derivada |